Tipologia de las subculturas latinoamericanas /
Guardado en:
| Autor Principal: | |
|---|---|
| Otros Autores: | |
| Formato: | Libro |
| Publicado: |
Montevideo :
Fac. Humanidades Y Ciencias. Univ. De La Republica,
1963
|
| Series: | Historia De La Cultura, 15
|
| Materias: | |
| Etiquetas: |
Agregar Etiqueta
Sin Etiquetas, Sea el primero en etiquetar este registro!
|
| LEADER | 00803nam a22002055a 4500 | ||
|---|---|---|---|
| 001 | EHU.bham024685 | ||
| 003 | AR-BHAM | ||
| 005 | 20130507154312.0 | ||
| 008 | 130507s1963##################000#0#####d | ||
| 082 | 9 | 0 | |a 900 |
| 100 | 1 | |a Wagley, Charles | |
| 245 | 1 | 0 | |a Tipologia de las subculturas latinoamericanas / |c Charles Wagley , Marvin Harris , |
| 260 | |a Montevideo : |b Fac. Humanidades Y Ciencias. Univ. De La Republica, |c 1963 | ||
| 300 | |a 52 p. | ||
| 490 | 0 | |a Historia De La Cultura, 15 | |
| 500 | |a Trad. Alejandro Hamed Francotomado de: A tipology of latin american sub-culture, en "american Anthropologist", nro. 57, pp.428-451, 1951.- | ||
| 653 | |a Historia | ||
| 653 | |a Antropologia cultural-america | ||
| 700 | 1 | |a Harris, Marvin | |
| 859 | |a AR-BHAM |b BIB. HUMANIDADES - General |h 900 |i H629-3 |p 9983.67 |t Ej.1 |v XV |3 XV | ||
